NURSING CARE OF CHILDREN (Record no. 199128)

MARC details
000 -LEADER
fixed length control field 00520nam a2200193Ia 4500
003 - CONTROL NUMBER IDENTIFIER
control field OSt
005 - DATE AND TIME OF LATEST TRANSACTION
control field 20251201125052.0
020 ## - INTERNATIONAL STANDARD BOOK NUMBER
International Standard Book Number 978-1933107-61-5
040 ## - CATALOGING SOURCE
Transcribing agency LC
050 ## - LIBRARY OF CONGRESS CALL NUMBER
Classification number RJ 245 .P 533 2007
Item number 1
100 ## - MAIN ENTRY--PERSONAL NAME
Personal name PLATT, DANIELLE
245 #0 - TITLE STATEMENT
Title NURSING CARE OF CHILDREN
250 ## - EDITION STATEMENT
Edition statement R.N EDITION 7.0
260 ## - PUBLICATION, DISTRIBUTION, ETC.
Place of publication, distribution, etc. USA,
Name of publisher, distributor, etc. Assessment Technologies Institute, [Stilwell,
Date of publication, distribution, etc. 2007
300 ## - PHYSICAL DESCRIPTION
Extent Vii, 627 P, ILL
650 ## - SUBJECT ADDED ENTRY--TOPICAL TERM
Topical term or geographic name entry element Examination Questions, Examinations- Nursing
700 ## - ADDED ENTRY--PERSONAL NAME
Personal name MOSS, MARY
942 ## - ADDED ENTRY ELEMENTS (KOHA)
Koha item type Long Loan Book
Source of classification or shelving scheme Library of Congress Classification
Suppress in OPAC No
Holdings
Withdrawn status Lost status Source of classification or shelving scheme Damaged status Not for loan Collection Home library Current library Shelving location Date acquired Inventory number Total checkouts Full call number Barcode Date last seen Copy number Price effective from Koha item type
    Library of Congress Classification     Medicine Kisii University Library Kisii University Library On Display 03/06/2024 094216   RJ 245 .P533 2007 042010 03/06/2024 2 03/06/2024 Long Loan Book
    Library of Congress Classification     Medicine Kisii University Library Kisii University Library On Display 03/06/2024 43822   RJ 245 .P533 2007 043844 03/06/2024 1 03/06/2024 Long Loan Book